Garfield [ his 9 lives

Bibliographic Details
Main Author: Davis, Jim
Format: Book
Published: United State : A Film Roman Production , 1988
Subjects:

MARC

LEADER 00000cam a2200000 7i4500
001 0000000263
002 000000334
005 20000330.0
020 |a 000000334 
090 0 0 |a JF   |b DAV 
100 1 |a Davis, Jim 
245 1 0 |a Garfield [  |h videorecording] :   |b his 9 lives   |c Jim Davis 
260 |a United State :   |b A Film Roman Production ,   |c 1988 
300 |a 1 videocassette VHS (60:00 min) :   |b Col.(PAL) 
650 0 0 |a Humourous fiction   |x cartoons and caricatures 
999 |a PV0132   |b VIDEO   |c JUNIOR REFERENCE   |e PERPUSTAKAAN KOMUNITI PETALING JAYA